000 00622nam a22002177a 4500
005 20150515042709.0
008 110928s2013 nyua 001 0 eng
020 _a9780078028076
041 0 _aeng
080 _a621.38
100 1 _aSadiku, Matthew N. O.
245 1 0 _aApplied circuit analysis /
_cMatthew N. O. Sadiku, Sarhan M. Musa, Charles K. Alexander.
260 _aNew York :
_bMcGraw-Hill,
_c2013.
300 _a[690] f. :
_bme il.;
_c27 cm.
505 _aIndex: f. 686 - 690
650 0 _aAnaliza
650 0 _aElektronika
700 1 _aMusa, Sarhan M.
700 1 _aAlexander, Charles K.
942 _2udc
_cBK
999 _c758
_d758